Кристалломорфология пиритаиз нефтеносных пород Томской области; Академический журнал Западной Сибири; Т. 11, № 4 (59)

Bibliografske podrobnosti
Parent link:Академический журнал Западной Сибири: научно-практическое издание.— , 2005-
Т. 11, № 4 (59).— 2015.— [С. 22-23]
Glavni avtor: Пшеничкин А. Я. Анатолий Яковлевич
Korporativna značnica: Национальный исследовательский Томский политехнический университет (ТПУ) Институт природных ресурсов (ИПР) Кафедра геологии и разведки полезных ископаемых (ГРПИ) Лаборатория геологии золота (ЛГЗ)
Izvleček:Заглавие с экрана
Режим доступа: по договору с организацией-держателем ресурса
Jezik:ruščina
Izdano: 2015
Teme:
Online dostop:http://elibrary.ru/item.asp?id=24303418
Format: Elektronski Book Chapter
KOHA link:https://koha.lib.tpu.ru/cgi-bin/koha/opac-detail.pl?biblionumber=644738

MARC

LEADER 00000nla0a2200000 4500
001 644738
005 20250317162743.0
035 |a (RuTPU)RU\TPU\network\9822 
035 |a RU\TPU\network\4010 
090 |a 644738 
100 |a 20151130d2015 k||y0rusy50 ca 
101 0 |a rus 
102 |a RU 
135 |a drnn ---uucaa 
181 0 |a i  
182 0 |a b 
200 1 |a Кристалломорфология пиритаиз нефтеносных пород Томской области  |f А. Я. Пшеничкин 
203 |a Текст  |c электронный 
300 |a Заглавие с экрана 
320 |a [Библиогр.: с. 33 (3 назв.)] 
333 |a Режим доступа: по договору с организацией-держателем ресурса 
461 |t Академический журнал Западной Сибири  |o научно-практическое издание  |d 2005- 
463 |t Т. 11, № 4 (59)  |v [С. 22-23]  |d 2015 
610 1 |a электронный ресурс 
610 1 |a труды учёных ТПУ 
610 1 |a кристалломорфология 
610 1 |a нефтеносные породы 
610 1 |a Томская область 
700 1 |a Пшеничкин  |b А. Я.  |c геолог  |c доцент Томского политехнического университета, кандидат геолого-минералогических наук  |c заведующий лабораторией геологии золота Томского политехнического университета  |f 1936-  |g Анатолий Яковлевич  |3 (RuTPU)RU\TPU\pers\24725 
712 0 2 |a Национальный исследовательский Томский политехнический университет (ТПУ)  |b Институт природных ресурсов (ИПР)  |b Кафедра геологии и разведки полезных ископаемых (ГРПИ)  |b Лаборатория геологии золота (ЛГЗ)  |3 (RuTPU)RU\TPU\col\19128 
801 2 |a RU  |b 63413507  |c 20151130  |g RCR 
856 4 |u http://elibrary.ru/item.asp?id=24303418 
942 |c CF